000 00389nam a22001697a 4500
005 20180220155704.0
008 160623b xxu||||| |||| 00| 0 eng d
020 _a81-7328-036-3
041 _aeng
082 _b9097
_a001.42
100 _aKOTHARI, C R
_94148
245 _aResearch Methodology
260 _bWishwa Prakasan
300 _a453
650 _aManagement
_9241
942 _cBK
999 _c3670
_d3669